1564 1533 1646 1686 1785 1726 1746 1740 1943 1608 1254 1048 1592 1128 1697 1643 1709 1979 1897 1476 1455 1388 1081 1250 1371 1425 1385 1066 1444 1377 1757 1402 1197 1820 1044 1776 1497 1700 1292 1602 1808 1288 1500 1169 1550 1084 1567 1773 1867 1859 1888 1411 1798 1963 1060 1754 1591 1061 1397 1034 1777 1254 1606 1108 1619 1385 1601 1892 1907 1489 1419 1836 1284 1101 1127 1628 1256 1248 1910 1335 1324 1035 1516 1323 1783 1389 1054 1212 1122 1019 1450 1153 1530 1568 1758 1969 1623 1007 1932 BCNSPRNW ULIB Ver.6.0+V

เปลี่ยนเป็นภาษาไทย

Change to English
 แสดงรายละเอียดบรรณานุกรม
  กลับหน้าหลัก

Brief Record : Get Marc (ISO 2709) : E-mail record : QR code < ปิดหน้าต่าง
LEADER : 00000nam 2200000uu 4500
001    13399114455
003     ULIB
008    110405s||||||||th 000 0 tha d
020    9786165313148
060 04 WB400^bอ662ม
100 0  อารีย์ โอบอ้มรัก
245 10 7มะ3กระกำจัดมะเร็ง /^cอารีย์ โอบอ้มรัก
260    กรุงเทพฯ :^bยอดมาลา,^c2553
300    125 หน้า :^bภาพประกอบสี
650  7 รักษามะเร็ง^xอาหาร
650  7 มะเร็ง
945    ^p125^l0^i031567
945    ^p125^l0^i031568
995    ทศพร
999 ^a ใช้งานได้ทุกระบบ
รายการนี้ยังไม่มีแท็ก
คุณยังไม่ได้ล็อกอิน คุณสามารถมีกิจกรรมร่วมกับเว็บไซต์ได้ แต่ต้องล็อกอินก่อน ::
  ล็อกอิน

รายการสื่อสารสนเทศ

ลำดับที่ ประเภท เลขเรียก/บาร์โค้ด สถานที่ สถานะ
1. วิทยาศาสตร์การแพทย์ และสุขภาพ
หนังสือสำรอง
สถานะ=หนังสือสำรอง
WB400 อ662ม ฉ.1 
  Barcode: 031567
ห้องสมุดวิทยาเขตสวรรค์ประชารักษ์
►ส่วนจัดเก็บหนังสือเก่า สปร
บนชั้น
  ขอยืม
2. วิทยาศาสตร์การแพทย์ และสุขภาพ
วิทยาศาสตร์การแพทย์ และสุขภาพ
WB400 อ662ม ฉ.2 
  Barcode: 031568
ห้องสมุดวิทยาเขตสวรรค์ประชารักษ์
►ส่วนจัดเก็บหนังสือเก่า สปร
บนชั้น
  ขอยืม

รายการใกล้เคียง
    หัวเรื่อง [มะเร็ง]

BibComment


ยังไม่เคยถูกคอมเมนท์

คอมเมนท์ทรัพยากรรายการนี้
  คอมเมนท์: 7มะ3กระกำจัดมะเร็..


 Copyright 2026. Bcnsprnw @Library